LEADER 01386nam a2200265 i 4500 001 000000153094 003 CaOOAMICUS 005 20260407144749.0 008 060921s1973 it u000 u mul u 040 $aSeMil$bita 100 1 $aOrefice, Giuseppe Alberto.$0(OLS)http://semarc/name/59943 245 10$a5 :$b[dictionary ; dictionnaire ; worterbuch ; dizionario ; diccionario] /$cGiuseppe Alberto Orefice. 264 1$aMilano :$bSperling & Kupfer,$c1973. 300 $a1 v. ;$c21 cm. 650 4$aLingua inglese - Dizionari, vocabolari, glossari, etc.$0(OLS)http://semarc/subject/335 650 4$aLingua francese - Dizionari, vocabolari, glossari, etc.$0(OLS)http://semarc/subject/1314 650 4$aLingua tedesca - Dizionari, vocabolari, glossari, etc.$0(OLS)http://semarc/subject/696 650 4$aLingua italiana - Dizionari, vocabolari, glossari, etc.$0(OLS)http://semarc/subject/705 650 4$aLingua spagnola - Dizionari, vocabolari, glossari, etc.$0(OLS)http://semarc/subject/59903 850 $aSeMil 852 $aSeMil$W1$xVenegono$y1$mSL1.A II 3$j269794$B105038$CSeMilBibl$Z2$F115096 $8I 961 $aOmaggio: Delpini mons. Mario 996 $6245$a5 :$b[dictionary ; dictionnaire ; worterbuch ; dizionario ; diccionario]$9(OLS)http://semarc/title/223917 996 $6264$aMilano :$bSperling & Kupfer$9(OLS)http://semarc/publisher/31721